[Event "33rd Zalakaros Open 2014"]
[Site "Zalakaros HUN"]
[Date "2014.05.30"]
[Round "8.9"]
[White "Grigoriants, Sergey"]
[Black "Portisch, Lajos"]
[Result "1/2-1/2"]
[WhiteTitle "GM"]
[BlackTitle "GM"]
[WhiteElo "2595"]
[BlackElo "2464"]
[WhiteFideId "4130804"]
[BlackFideId "700037"]
[EventDate "2014.05.23"]
[EventType "swiss"]

1. c4 e6 2. Nc3 d5 3. d4 Nf6 4. Bg5 Be7 5. e3 O-O 6. Nf3 Nbd7 7. Qc2 c5 8. cxd5
cxd4 9. Nxd4 Nxd5 10. Bxe7 Nxe7 11. Be2 Nf6 12. O-O Bd7 13. Qb3 Qa5 14. Rfd1
Rab8 15. a3 1/2-1/2

[Event "33rd Zalakaros Open 2014"]
[Site "Zalakaros HUN"]
[Date "2014.05.30"]
[Round "8.10"]
[White "Bokros, Albert"]
[Black "Papp, Gabor1"]
[Result "1-0"]
[WhiteTitle "IM"]
[BlackTitle "GM"]
[WhiteElo "2461"]
[BlackElo "2580"]
[WhiteFideId "710458"]
[BlackFideId "718602"]
[EventDate "2014.05.23"]
[EventType "swiss"]

1. e4 c5 2. Nf3 e6 3. d4 cxd4 4. Nxd4 a6 5. Bd3 Qc7 6. O-O Nf6 7. Qe2 d6 8. Kh1
g6 9. c4 Bg7 10. Nc3 O-O 11. Be3 Nbd7 12. Rac1 Ne5 13. f3 Nxd3 14. Qxd3 Bd7 15.
Rfd1 Rfd8 16. b3 Be8 17. Qd2 Qe7 18. Bg5 Qf8 19. a4 h6 20. Be3 Kh7 21. Qf2 Rac8
22. Qd2 Nd7 23. Nde2 Nc5 24. Rb1 Qe7 25. Bf4 Bf8 26. Qc2 Qf6 27. Bg3 h5 28. h3
b6 29. Bf2 Rb8 30. Nd4 Rbc8 31. Nde2 Nd7 32. Qd2 Rb8 33. Be3 Be7 34. Nd4 Rdc8
35. Rf1 Nc5 36. f4 Qg7 37. f5 Bd7 38. fxe6 fxe6 39. Bh6 Qg8 40. Nf3 Be8 41. Ng5+
Bxg5 42. Bxg5 Rc6 43. Be7 Qg7 44. Bf8 Qh8 45. e5 dxe5 46. Be7 Qg7 47. Qg5 Qh6
48. Qxe5 Nd7 49. Qg3 e5 50. Rbd1 Qg7 51. Bd6 Rbc8 52. Ne4 Kg8 53. Ng5 b5 54.
axb5 axb5 55. cxb5 Rc3 56. Rd3 Rc1 57. Rf3 R8c3 58. Rxc3 Rxf1+ 59. Kh2 Qf6 60.
Ne4 Qf5 61. Rc8 Qe6 62. Qd3 Re1 63. Ng5 e4 64. Qd4 1-0

[Event "33rd Zalakaros Open 2014"]
[Site "Zalakaros HUN"]
[Date "2014.05.30"]
[Round "8.12"]
[White "Nagy, Gabor1"]
[Black "Medvegy, Zoltan"]
[Result "1/2-1/2"]
[WhiteTitle "IM"]
[BlackTitle "GM"]
[WhiteElo "2438"]
[BlackElo "2522"]
[WhiteFideId "737119"]
[BlackFideId "708402"]
[EventDate "2014.05.23"]
[EventType "swiss"]

1. Nf3 Nf6 2. c4 e6 3. d4 b6 4. g3 Bb4+ 5. Nbd2 c5 6. Bg2 Bb7 7. a3 Bxd2+ 8.
Qxd2 cxd4 9. Qxd4 Nc6 10. Qf4 Na5 11. Bd2 Nb3 12. Rd1 Nxd2 13. Rxd2 Rc8 14. O-O
Bxf3 15. Bxf3 Qc7 16. Qxc7 Rxc7 17. b3 Ke7 18. Bg2 Rc5 19. a4 g5 20. Rfd1 h5 21.
h3 Rb8 22. Rd4 a6 23. f4 gxf4 24. gxf4 b5 25. cxb5 axb5 26. b4 Rc2 27. Bf3 bxa4
28. Ra1 Rbc8 29. Rxa4 R8c4 30. Rxc4 Rxc4 31. e3 Rc2 32. Kf1 Rb2 33. e4 d5 34.
Ra7+ Kf8 35. exd5 exd5 36. Rb7 Kg7 37. b5 Kg6 38. Be2 Ne4 39. Bd3 Kf6 40. Rb6+
Kf5 41. Rd6 Kxf4 42. Rxd5 f5 43. h4 Ng3+ 44. Ke1 Ke3 45. Bc4 f4 46. Rd3+ Ke4 47.
Rb3 Rxb3 48. Bxb3 Ke5 49. b6 Kd6 50. Kf2 Nf5 51. b7 Kc7 52. Kf3 Nxh4+ 53. Kxf4
Kxb7 54. Kg5 Nf3+ 55. Kxh5 1/2-1/2

[Event "33rd Zalakaros Open 2014"]
[Site "Zalakaros HUN"]
[Date "2014.05.30"]
[Round "8.13"]
[White "Gledura, Benjamin"]
[Black "Chernyshov, Konstantin"]
[Result "1/2-1/2"]
[WhiteTitle "FM"]
[BlackTitle "GM"]
[WhiteElo "2395"]
[BlackElo "2508"]
[WhiteFideId "712779"]
[BlackFideId "4117328"]
[EventDate "2014.05.23"]
[EventType "swiss"]

1. Nf3 f5 2. b3 Nf6 3. Bb2 e6 4. g3 b6 5. Bg2 Bb7 6. O-O Be7 7. c4 O-O 8. Nc3
Ne4 9. Qc2 Nxc3 10. Bxc3 Bf6 11. Bxf6 Qxf6 12. c5 Nc6 13. d4 d6 14. e3 e5 15.
dxe5 dxe5 16. Rfd1 f4 17. exf4 exf4 18. Qc4+ Rf7 19. g4 Re8 20. Re1 Rd8 21. g5
Qf5 22. Rad1 Rxd1 23. Rxd1 Qxc5 24. Qxc5 bxc5 25. h4 Kf8 26. Rc1 Rf5 27. Nd2 Nd8
28. Bxb7 Nxb7 29. Kg2 Nd6 30. Kf3 Ke7 31. Ne4 Nxe4 32. Kxe4 Ke6 33. Rc4 c6 34.
Ra4 Rf7 35. Rc4 1/2-1/2

[Event "33rd Zalakaros Open 2014"]
[Site "Zalakaros HUN"]
[Date "2014.05.30"]
[Round "8.14"]
[White "Horvath, Jozsef1"]
[Black "Sean, Winshand Cuhendi"]
[Result "1-0"]
[WhiteTitle "GM"]
[BlackTitle "FM"]
[WhiteElo "2507"]
[BlackElo "2385"]
[WhiteFideId "700061"]
[BlackFideId "7101554"]
[EventDate "2014.05.23"]
[EventType "swiss"]

1. Nf3 Nf6 2. g3 g6 3. b3 Bg7 4. Bb2 d6 5. d4 O-O 6. Bg2 e5 7. dxe5 Nfd7 8. Nc3
dxe5 9. Qd2 a5 10. O-O-O a4 11. Nxa4 Qe7 12. Nc3 Nb6 13. h4 Nc6 14. h5 e4 15.
Ng5 Nb4 16. hxg6 Nxa2+ 17. Kb1 hxg6 18. Rh7 Be5 19. Rdh1 Nc4 20. bxc4 Nxc3+ 21.
Qxc3 1-0

[Event "33rd Zalakaros Open 2014"]
[Site "Zalakaros HUN"]
[Date "2014.05.30"]
[Round "8.15"]
[White "Seres, Lajos"]
[Black "Donchenko, Alexander"]
[Result "0-1"]
[WhiteTitle "GM"]
[BlackTitle "IM"]
[WhiteElo "2435"]
[BlackElo "2498"]
[WhiteFideId "701254"]
[BlackFideId "24603295"]
[EventDate "2014.05.23"]
[EventType "swiss"]

1. c4 c5 2. Nf3 Nf6 3. d4 cxd4 4. Nxd4 Nc6 5. Nc3 e6 6. g3 Qb6 7. Nb3 Ne5 8. e4
Bb4 9. Qe2 d6 10. f4 Nc6 11. Be3 Bxc3+ 12. bxc3 Qc7 13. Bg2 O-O 14. O-O b6 15.
g4 e5 16. f5 Nd7 17. g5 Ba6 18. Rf3 Rfc8 19. Rh3 g6 20. Nd2 Nd8 21. Bf1 Nf8 22.
Qf2 Qc6 23. Be2 Qa4 24. Qh4 Bxc4 25. Nxc4 Rxc4 26. Bxc4 Qxc4 27. Rd1 Qxc3 28.
Rxd6 Qa1+ 29. Kg2 Qxa2+ 30. Bf2 Qc4 31. fxg6 fxg6 32. Rxg6+ hxg6 33. Qh8+ Kf7
34. Rf3+ Ke7 35. Qxf8+ Kd7 36. Qg7+ Kd6 37. Qxg6+ Ne6 38. Rf6 a5 0-1

[Event "33rd Zalakaros Open 2014"]
[Site "Zalakaros HUN"]
[Date "2014.05.30"]
[Round "8.16"]
[White "Csonka, Balazs"]
[Black "Romanishin, Oleg M"]
[Result "1/2-1/2"]
[WhiteTitle "FM"]
[BlackTitle "GM"]
[WhiteElo "2361"]
[BlackElo "2482"]
[WhiteFideId "742910"]
[BlackFideId "14100088"]
[EventDate "2014.05.23"]
[EventType "swiss"]

1. d4 Nf6 2. c4 e6 3. Nf3 b6 4. g3 Bb4+ 5. Bd2 c5 6. Bg2 Bb7 7. O-O O-O 8. Bc3
Bxc3 9. Nxc3 cxd4 10. Qxd4 Nc6 11. Qd6 Qb8 12. Rfd1 Qxd6 13. Rxd6 Rfd8 14. Rad1
Kf8 15. b3 Ke7 16. R6d2 Rab8 17. Nd4 a6 18. Nxc6+ dxc6 19. Rxd8 Rxd8 20. Rxd8
Kxd8 21. Kf1 Kc7 22. Ne4 Nxe4 23. Bxe4 f5 24. Bd3 Kd6 25. Ke1 Kc5 26. a3 a5 27.
Kd2 b5 28. Kc3 b4+ 29. axb4+ axb4+ 30. Kd2 Bc8 31. f4 h6 32. h4 Bd7 33. e3 Be8
34. Be2 Kd6 35. Bf3 e5 36. Be2 c5 37. Bf3 Ke6 38. Bd5+ Kf6 39. Bf3 g5 40. Kd1
Bf7 41. Kd2 Bg6 42. Kd1 1/2-1/2

[Event "33rd Zalakaros Open 2014"]
[Site "Zalakaros HUN"]
[Date "2014.05.30"]
[Round "8.17"]
[White "Horvath, Csaba"]
[Black "Petenyi, Tamas"]
[Result "1/2-1/2"]
[WhiteTitle "GM"]
[BlackTitle "IM"]
[WhiteElo "2560"]
[BlackElo "2448"]
[WhiteFideId "700118"]
[BlackFideId "14909090"]
[EventDate "2014.05.23"]
[EventType "swiss"]

1. d4 g6 2. c4 Bg7 3. Nc3 d6 4. Nf3 Bg4 5. e3 Nf6 6. Be2 O-O 7. O-O c5 8. h3 Bf5
9. Nh4 Bd7 10. Nf3 Bf5 11. Nh4 Bd7 12. Nf3 1/2-1/2

[Event "33rd Zalakaros Open 2014"]
[Site "Zalakaros HUN"]
[Date "2014.05.30"]
[Round "8.18"]
[White "To, Nhat Minh"]
[Black "Nemeth, Miklos1"]
[Result "0-1"]
[WhiteTitle "IM"]
[BlackTitle "IM"]
[WhiteElo "2329"]
[BlackElo "2492"]
[WhiteFideId "729019"]
[BlackFideId "720232"]
[EventDate "2014.05.23"]
[EventType "swiss"]

1. d4 Nf6 2. c4 e6 3. g3 d5 4. Nf3 Be7 5. Bg2 O-O 6. O-O dxc4 7. Qc2 b5 8. a4 b4
9. Nbd2 Bb7 10. Nxc4 Be4 11. Qd1 c5 12. b3 Nc6 13. Bb2 Rc8 14. dxc5 Bxc5 15.
Qxd8 Rfxd8 16. Rac1 Bd5 17. Nfe5 Nd4 18. Bxd4 Bxd4 19. Bxd5 exd5 20. Nxf7 Kxf7
21. Nd6+ Rxd6 22. Rxc8 Ne4 23. e3 Bb6 24. Rd1 a5 25. Kg2 Rf6 26. Rc2 Nc3 27. Rd3
g5 28. g4 Ke6 29. h3 Ke5 30. Rdd2 d4 31. exd4+ Bxd4 32. Rd3 Ke4 33. Rg3 Ke5 34.
Rd3 Ne4 35. Re2 Kd5 36. Rf3 Rxf3 37. Kxf3 Nc5 38. Re7 h6 39. Rh7 Nxb3 40. Rxh6
Nc5 41. Rb6 b3 42. h4 gxh4 43. g5 b2 44. g6 Kc4 45. Kg4 Nb3 0-1

[Event "33rd Zalakaros Open 2014"]
[Site "Zalakaros HUN"]
[Date "2014.05.30"]
[Round "8.19"]
[White "Berczes, David"]
[Black "Goczo, Melinda"]
[Result "1-0"]
[WhiteTitle "GM"]
[BlackTitle "WIM"]
[WhiteElo "2482"]
[BlackElo "2229"]
[WhiteFideId "722960"]
[BlackFideId "711985"]
[EventDate "2014.05.23"]
[EventType "swiss"]

1. d4 Nf6 2. Nf3 e6 3. c4 Bb4+ 4. Nbd2 d5 5. a3 Bxd2+ 6. Bxd2 Ne4 7. e3 O-O 8.
Bd3 f5 9. O-O Nd7 10. Be1 Rf6 11. Rc1 Rh6 12. b4 c6 13. b5 Ndf6 14. bxc6 Ng4 15.
c7 Qxc7 16. cxd5 Qd6 17. Bb4 Qxd5 18. Qc2 Qd8 19. Qc7 Bd7 20. h3 Ngf6 1-0

[Event "33rd Zalakaros Open 2014"]
[Site "Zalakaros HUN"]
[Date "2014.05.30"]
[Round "8.20"]
[White "Tolnai, Tibor"]
[Black "Havasi, Gergo"]
[Result "1/2-1/2"]
[WhiteTitle "GM"]
[WhiteElo "2469"]
[BlackElo "2302"]
[WhiteFideId "700126"]
[BlackFideId "760293"]
[EventDate "2014.05.23"]
[EventType "swiss"]

1. g3 g6 2. Bg2 Bg7 3. d4 Nf6 4. e4 O-O 5. Nc3 d6 6. Nge2 Nbd7 7. O-O c5 8. h3
a6 9. a4 Qc7 10. dxc5 Qxc5 11. Be3 Qc7 12. Re1 Re8 13. b3 Nf8 14. Qd2 Be6 15. a5
Rac8 16. Bb6 Qb8 17. Bd4 Bd7 18. Na4 Ne6 19. Nb6 Nxd4 20. Nxd4 Rcd8 21. c4 Bc8
22. Rad1 Nd7 23. Nd5 e6 24. Nb6 Nxb6 25. axb6 Bd7 26. Nc2 Bc6 27. Nb4 Qc8 28.
Re3 Bh6 29. f4 Bf8 30. Rd3 Bd7 31. Kh2 Qc5 32. e5 Qxb6 33. exd6 a5 34. Nc2 Rc8
35. Qe3 Qa6 36. Qf3 b5 37. Ne3 Bg7 38. Qb7 Qxb7 39. Bxb7 Rc5 40. Ba6 b4 41. Bb5
Rd8 42. Bxd7 1/2-1/2

[Event "33rd Zalakaros Open 2014"]
[Site "Zalakaros HUN"]
[Date "2014.05.30"]
[Round "8.21"]
[White "Vegh, Endre"]
[Black "Hoang, Thanh Trang"]
[Result "0-1"]
[WhiteTitle "IM"]
[BlackTitle "GM"]
[WhiteElo "2293"]
[BlackElo "2509"]
[WhiteFideId "700568"]
[BlackFideId "12400149"]
[EventDate "2014.05.23"]
[EventType "swiss"]

1. Nf3 f5 2. d3 Nc6 3. e4 e5 4. Nc3 Bb4 5. Bd2 Nf6 6. Nd5 Bxd2+ 7. Qxd2 O-O 8.
O-O-O d6 9. Nxf6+ Qxf6 10. h3 Kh8 11. Kb1 Be6 12. Be2 fxe4 13. dxe4 Qg6 14. g3
Qxe4 15. Ng5 Qg6 16. Bd3 Bf5 17. g4 Bxd3 18. cxd3 Rf4 19. Ne4 Raf8 20. Rh2 Nd4
21. Qe3 b6 22. Rc1 c5 23. Rc3 Nf3 24. Rg2 d5 0-1

[Event "33rd Zalakaros Open 2014"]
[Site "Zalakaros HUN"]
[Date "2014.05.30"]
[Round "8.22"]
[White "Madl, Ildiko"]
[Black "Balazs, Gabor2"]
[Result "1/2-1/2"]
[WhiteTitle "IM"]
[WhiteElo "2328"]
[BlackElo "2397"]
[WhiteFideId "700550"]
[BlackFideId "731374"]
[EventDate "2014.05.23"]
[EventType "swiss"]

1. e4 c5 2. Nf3 e6 3. d4 cxd4 4. Nxd4 Nc6 5. Nc3 Qc7 6. f4 a6 7. Nxc6 Qxc6 8.
Bd3 b5 9. Qe2 Bb7 10. Bd2 Bc5 11. a3 Ne7 12. O-O-O O-O 13. Rhf1 d5 14. exd5 Nxd5
15. Nxd5 exd5 16. f5 d4 1/2-1/2

[Event "33rd Zalakaros Open 2014"]
[Site "Zalakaros HUN"]
[Date "2014.05.30"]
[Round "8.23"]
[White "Rigo, Janos"]
[Black "Bagi, Mate"]
[Result "1/2-1/2"]
[WhiteTitle "IM"]
[BlackTitle "FM"]
[WhiteElo "2266"]
[BlackElo "2378"]
[WhiteFideId "700371"]
[BlackFideId "742570"]
[EventDate "2014.05.23"]
[EventType "swiss"]

1. e4 e5 2. Nf3 Nc6 3. Nc3 Nf6 4. d4 exd4 5. Nxd4 Bb4 6. Nxc6 bxc6 7. Bd3 d6 8.
Bg5 h6 9. Bh4 Be6 10. O-O g5 11. Bg3 h5 12. f4 h4 13. Be1 Ng4 14. f5 Bc5+ 15.
Kh1 Ne3 16. Qf3 g4 17. Qf4 h3 18. g3 Nxf1 19. fxe6 fxe6 20. Qxg4 Qf6 21. e5 Ne3
22. Qe4 d5 23. exf6 dxe4 24. Nxe4 Bd4 25. c3 Be5 26. Bd2 Ng4 27. Bg5 Bd6 28. Bc4
Kd7 29. Rd1 Rh5 30. Kg1 Ne5 31. Be2 Rhh8 32. Nc5+ Ke8 33. Ne4 Kd7 34. Bf4 Nf7
35. Bg4 Rab8 36. b4 Rb5 37. Nc5+ Ke8 38. Nxe6 Rd5 39. Re1 Bxf4 40. Nxc7+ Kd8 41.
Nxd5 cxd5 42. Be6 Ng5 43. Bxd5 Bd2 44. Rf1 Bxc3 45. Rf5 Nh7 46. f7 Nf6 47. b5
Ke7 48. Bb3 Rd8 49. Rf3 Bd4+ 50. Kf1 Ng4 51. Rf4 Nxh2+ 52. Ke2 Be5 53. Re4 Kf6
54. Rh4 Bxg3 55. Rxh3 Bc7 56. Re3 Rf8 57. Re8 Kg7 58. Be6 Bd6 59. a4 Bb4 60. Kf2
Ng4+ 1/2-1/2

[Event "33rd Zalakaros Open 2014"]
[Site "Zalakaros HUN"]
[Date "2014.05.30"]
[Round "8.24"]
[White "Gara, Anita"]
[Black "Vajda, Szidonia"]
[Result "1-0"]
[WhiteTitle "IM"]
[BlackTitle "IM"]
[WhiteElo "2326"]
[BlackElo "2352"]
[WhiteFideId "709751"]
[BlackFideId "723894"]
[EventDate "2014.05.23"]
[EventType "swiss"]

1. e4 e5 2. Nf3 d6 3. d4 exd4 4. Nxd4 Nf6 5. Nc3 Be7 6. g3 Nc6 7. Bg2 Nxd4 8.
Qxd4 O-O 9. O-O Bd7 10. Bf4 Bc6 11. Rad1 Nd7 12. Nd5 Bf6 13. Nxf6+ Qxf6 14. Qxf6
gxf6 15. Rfe1 Rfe8 16. Bd2 Re7 17. Bc3 Rae8 18. f3 Kg7 19. Kf2 h6 20. b3 Ne5 21.
a4 a6 22. Rd2 b5 23. axb5 axb5 24. Ra1 Rb8 25. Ra7 b4 26. Bb2 Bb5 27. Bh3 Rb6
28. Bd4 Rb8 29. Be3 Nc6 30. Ra1 Ree8 31. Rd5 Re5 32. Rad1 Ne7 33. R5d2 Bc6 34.
Ra1 Ra8 35. Rxa8 Bxa8 36. Bd7 Ra5 37. Rd4 Rc5 38. Rc4 Rxc4 39. bxc4 Nc6 40. c5
Ne5 41. Bb5 d5 42. exd5 Bxd5 43. Be2 Nc4 44. Bf4 c6 45. Bd3 Ne5 46. Be2 b3 47.
cxb3 Bxb3 48. Ke3 Bd5 49. Kf2 Nd7 50. Be3 Kg6 51. Bd4 f5 52. Bd3 h5 53. Ke3 Nf8
54. g4 hxg4 55. fxg4 Kg5 56. gxf5 Nd7 57. Bf1 f6 58. Bd3 Bg2 59. Kf2 Bh3 60. Kg3
Bxf5 61. h4+ Kg6 62. h5+ Kg5 63. Be3+ Kxh5 64. Bxf5 Nxc5 65. Bxc5 Kg5 66. Bd7 1-0

[Event "33rd Zalakaros Open 2014"]
[Site "Zalakaros HUN"]
[Date "2014.05.30"]
[Round "8.25"]
[White "Ekdyshman, Mikhail"]
[Black "Boguszlavszkij, Jevgenyij"]
[Result "1-0"]
[WhiteTitle "IM"]
[BlackTitle "IM"]
[WhiteElo "2351"]
[BlackElo "2217"]
[WhiteFideId "4149416"]
[BlackFideId "700614"]
[EventDate "2014.05.23"]
[EventType "swiss"]

1. d4 d5 2. Nc3 g6 3. Bg5 Bg7 4. Qd2 Nc6 5. e3 Nf6 6. O-O-O a6 7. Kb1 Bf5 8. f3
h6 9. Bxf6 Bxf6 10. g4 Bc8 11. Nge2 e6 12. Bg2 Na5 13. e4 Nc4 14. Qd3 c6 15. f4
Qb6 16. b3 Bg7 17. f5 gxf5 18. gxf5 Na3+ 19. Kb2 Nb5 20. fxe6 Bxe6 21. exd5 cxd5
22. Rhg1 O-O-O 23. Nxb5 axb5 24. Qc3+ Qc6 25. Bxd5 Rxd5 26. Rxg7 Qxc3+ 27. Nxc3
Rh5 28. d5 Bd7 29. Rd2 f5 30. d6 Rg5 31. Rf7 Bc6 32. Nd5 Bxd5 33. Rxd5 f4 34.
Rd3 Rd8 35. Rxf4 Rg6 36. Rfd4 Kd7 37. Rc3 Rg2 38. Rc7+ Ke6 39. Re7+ Kf6 40. h4
h5 41. Rf4+ Kg6 42. Re6+ Kg7 43. Rf5 Rc8 44. Rg5+ Rxg5 45. hxg5 Rc5 46. d7 Rd5
47. Rh6 Rxd7 48. Rxh5 Kg6 49. Rh6+ Kxg5 50. Rb6 Kf5 51. Rxb5+ Ke6 52. c4 1-0

[Event "33rd Zalakaros Open 2014"]
[Site "Zalakaros HUN"]
[Date "2014.05.30"]
[Round "8.26"]
[White "Radnai, Adam"]
[Black "Maroroa, Sue"]
[Result "1-0"]
[WhiteTitle "FM"]
[BlackTitle "WIM"]
[WhiteElo "2329"]
[BlackElo "2131"]
[WhiteFideId "726702"]
[BlackFideId "4301498"]
[EventDate "2014.05.23"]
[EventType "swiss"]

1. Nf3 Nf6 2. g3 g6 3. b3 b6 4. Bb2 Bb7 5. Bg2 Bg7 6. d4 O-O 7. c4 d6 8. Nc3
Nbd7 9. O-O Ne4 10. Rc1 Nxc3 11. Bxc3 Re8 12. d5 Nf6 13. Nd4 Qc8 14. Re1 e6 15.
dxe6 fxe6 16. e4 e5 17. Nc2 Qg4 18. Nb4 Qxd1 19. Rcxd1 a5 20. Nd5 Nxd5 21. cxd5
Bh6 22. Bd2 Bxd2 23. Rxd2 Re7 24. Rc1 Bc8 25. Rdc2 Ra7 26. Bf1 g5 27. Be2 Kg7
28. Kg2 Rf7 29. Bh5 Re7 30. Be2 Rf7 31. Rc3 Kg6 32. h4 g4 33. f3 h5 34. fxg4
hxg4 35. Bb5 Kg7 36. a4 Kf8 37. Rh1 Ba6 38. Bxa6 Rxa6 39. h5 b5 40. axb5 Rb6 41.
Rh4 Rxb5 42. Rxg4 Rb4 43. Kh3 Rd4 44. h6 Rd1 45. Rh4 Kg8 46. Kg4 Rdf1 47. Kh5
Kh7 48. g4 R1f4 49. Rh1 Rxe4 50. Rhc1 c5 51. dxc6 Rf6 52. g5 Rf2 53. Rh1 Rf8 54.
c7 Rc8 55. g6+ Kg8 56. Kg5 1-0

[Event "33rd Zalakaros Open 2014"]
[Site "Zalakaros HUN"]
[Date "2014.05.30"]
[Round "8.27"]
[White "Tesik, Csaba"]
[Black "Szalanczy, Emil"]
[Result "1-0"]
[WhiteTitle "FM"]
[BlackTitle "IM"]
[WhiteElo "2329"]
[BlackElo "2266"]
[WhiteFideId "735582"]
[BlackFideId "700347"]
[EventDate "2014.05.23"]
[EventType "swiss"]

1. e4 c5 2. Nf3 d6 3. d4 cxd4 4. Nxd4 Nf6 5. Nc3 g6 6. Be3 Bg7 7. f3 Nc6 8. Qd2
O-O 9. Bc4 Bd7 10. O-O-O Ne5 11. Bb3 Rc8 12. Kb1 Re8 13. h4 Qa5 14. h5 Nxh5 15.
Bh6 Rxc3 16. Bxg7 Kxg7 17. bxc3 Qc5 18. g4 Nf6 19. Qh6+ Kh8 20. g5 Nh5 21. Rxh5
gxh5 22. Qxh5 Rg8 23. Qh2 e6 24. f4 Ng6 25. Rf1 Nf8 26. Kb2 b5 27. Qh6 Rg7 28.
Qf6 Kg8 29. f5 exf5 30. Rxf5 Qc8 31. Bxf7+ Kh8 32. Bd5 Ng6 33. Be6 Ne7 34. Bxd7
Qxd7 35. Rxb5 Ng8 36. Rb8 Qc7 37. Re8 Qb7+ 38. Kc1 Qd7 39. Nf5 h5 40. Nxg7 Qxg7
41. Qxg7+ Kxg7 42. Re6 h4 43. Rxd6 1-0

[Event "33rd Zalakaros Open 2014"]
[Site "Zalakaros HUN"]
[Date "2014.05.30"]
[Round "8.28"]
[White "Varga, Klara"]
[Black "Meszaros, Tamas"]
[Result "0-1"]
[WhiteTitle "WIM"]
[BlackTitle "IM"]
[WhiteElo "2260"]
[BlackElo "2438"]
[WhiteFideId "733210"]
[BlackFideId "717410"]
[EventDate "2014.05.23"]
[EventType "swiss"]

1. c4 Nf6 2. g3 e6 3. Bg2 d5 4. Nf3 dxc4 5. Qa4+ c6 6. Qxc4 b5 7. Qc2 Bb7 8. Nc3
a6 9. a4 Nbd7 10. d4 c5 11. O-O b4 12. Na2 Rc8 13. dxc5 Nxc5 14. Rd1 Bd5 15.
Nxb4 Nce4 16. Rxd5 exd5 17. Nc6 Qb6 18. Nfd4 Bc5 19. a5 Qb7 20. Qa4 O-O 21. e3
Qd7 22. f3 Bxd4 23. fxe4 Ba7 24. exd5 Rfe8 25. Qb3 Ng4 26. Bh3 h5 27. Nxa7 Qxa7
28. Qb6 Qd7 29. Qd4 Qf5 30. Bxg4 hxg4 31. Bd2 Re4 32. Qd3 Rce8 33. Rf1 Qe5 34.
b4 Rd8 35. Qxa6 Qxd5 36. Rf2 Rc4 37. Qb6 Qxd2 38. Rxd2 Rc1+ 0-1

[Event "33rd Zalakaros Open 2014"]
[Site "Zalakaros HUN"]
[Date "2014.05.30"]
[Round "8.29"]
[White "Antal, Tibor Kende"]
[Black "Peczely, Sebastian Zsombor"]
[Result "1/2-1/2"]
[WhiteTitle "FM"]
[WhiteElo "2357"]
[BlackElo "2200"]
[WhiteFideId "738581"]
[BlackFideId "750964"]
[EventDate "2014.05.23"]
[EventType "swiss"]

1. Nf3 d5 2. g3 c6 3. Bg2 Nf6 4. c4 Bf5 5. b3 e6 6. O-O Nbd7 7. Bb2 Bd6 8. d3
O-O 9. Nbd2 e5 10. e4 dxe4 11. dxe4 Bg4 12. h3 Bh5 13. Qc2 Qe7 14. Nh4 Bg6 15.
Rad1 a5 16. Nf5 Bxf5 17. exf5 a4 18. Rfe1 axb3 19. axb3 Bb4 20. Re2 Ra2 21. Qb1
Rfa8 22. Ne4 Nxe4 23. Qxe4 Nc5 24. Qe3 f6 25. Kh1 Rd8 26. Qc1 Rxd1+ 27. Qxd1 Qd7
28. Qb1 Qd3 29. Qxa2 Qxe2 30. Qa8+ Kf7 31. Ba3 Qa2 32. Bxc6 bxc6 33. Qa7+ Ke8
34. Qb8+ Kd7 35. Qxb4 Ne4 36. Qb7+ Kd8 37. Be7+ Ke8 38. Qxc6+ Kxe7 39. Qxe4 Qxf2
40. Qd3 Qe1+ 41. Kg2 e4 42. Qc2 Qe3 43. Qd1 g5 44. fxg6 hxg6 45. h4 f5 46. b4
Qc3 47. c5 Qxb4 48. Qd6+ Kf7 49. h5 gxh5 50. Qd7+ Kf6 51. Qd8+ Ke6 52. c6 Qe1
53. Qe8+ Kd6 54. Qd7+ Kc5 1/2-1/2

[Event "33rd Zalakaros Open 2014"]
[Site "Zalakaros HUN"]
[Date "2014.05.30"]
[Round "8.30"]
[White "Kozak, Adam"]
[Black "Gara, Ticia"]
[Result "0-1"]
[BlackTitle "WGM"]
[WhiteElo "2210"]
[BlackElo "2338"]
[WhiteFideId "753246"]
[BlackFideId "717444"]
[EventDate "2014.05.23"]
[EventType "swiss"]

1. c4 e5 2. Nc3 Nf6 3. g3 d5 4. cxd5 Nxd5 5. Bg2 Nb6 6. Nf3 Nc6 7. O-O Be7 8. d3
O-O 9. Be3 Be6 10. Rc1 f6 11. a3 Nd4 12. Ne4 Nxf3+ 13. Bxf3 Bd5 14. Bg2 c6 15.
Qc2 f5 16. Nc3 Bxg2 17. Kxg2 Bg5 18. Qb3+ Rf7 19. Bxg5 Qxg5 20. a4 Rf8 21. a5
Nc8 22. Na4 a6 23. Nc5 Qe7 24. Rfd1 f4 25. Ne4 Nd6 26. Nxd6 Qxd6 27. f3 h5 28.
Qc4 g5 29. Rg1 Kh8 30. Kh1 g4 31. fxg4 hxg4 32. Qe4 Qd4 33. Rc4 Qxb2 34. Rb4 Qc3
35. Rc4 Qxa5 36. d4 Qd5 37. dxe5 fxg3 38. hxg3 Rf2 39. Qxd5 cxd5 40. Rxg4 Rxe2
41. Rb1 Rf7 42. Rh4+ Kg8 43. Rg4+ Kf8 44. Rgb4 d4 45. Rxd4 Rxe5 46. Rd8+ Kg7 47.
Rd6 0-1

[Event "33rd Zalakaros Open 2014"]
[Site "Zalakaros HUN"]
[Date "2014.05.30"]
[Round "8.31"]
[White "Papp, Petra"]
[Black "Erdos, Boglarka"]
[Result "1/2-1/2"]
[WhiteTitle "WGM"]
[WhiteElo "2292"]
[BlackElo "2185"]
[WhiteFideId "739049"]
[BlackFideId "727458"]
[EventDate "2014.05.23"]
[EventType "swiss"]

1. e4 e5 2. Nf3 Nc6 3. Bb5 Nf6 4. O-O Nxe4 5. Re1 Nd6 6. Nxe5 Nxe5 7. Rxe5+ Be7
8. Bf1 O-O 9. d4 Bf6 10. Re1 Re8 11. Rxe8+ Nxe8 12. d5 d6 13. Nd2 Bg5 14. g3 Nf6
15. Nf3 Bxc1 16. Rxc1 Bg4 17. Bg2 Qd7 18. c4 Bxf3 1/2-1/2

[Event "33rd Zalakaros Open 2014"]
[Site "Zalakaros HUN"]
[Date "2014.05.30"]
[Round "8.32"]
[White "Csonka, Attila Istvan"]
[Black "Hrbolka, Ladislav"]
[Result "1-0"]
[WhiteTitle "IM"]
[BlackTitle "FM"]
[WhiteElo "2351"]
[BlackElo "2110"]
[WhiteFideId "716529"]
[BlackFideId "300772"]
[EventDate "2014.05.23"]
[EventType "swiss"]

1. e4 c5 2. Nf3 Nc6 3. d4 cxd4 4. Nxd4 e6 5. Nc3 Qc7 6. Be3 Nf6 7. f3 a6 8. Qd2
Be7 9. O-O-O O-O 10. g4 b5 11. Nce2 Ne5 12. Ng3 Bb7 13. g5 Ne8 14. h4 Nc4 15.
Bxc4 Qxc4 16. Kb1 Qc7 17. Rdg1 d5 18. e5 Bc5 19. f4 g6 20. h5 Bxd4 21. Bxd4 Ng7
22. Rh3 Rfc8 23. hxg6 hxg6 24. Rgh1 Kf8 25. Rh7 Ne8 26. Qb4+ 1-0